000 01067nam a2200301 a 4500
003 CO-PeBPR
005 20260423091308.0
008 260415e2024 ck a|||| n||| 00| 0 spa c
020 _a9786289661989
040 0 _aCO-PeBPR
_bspa
_cCO-PeBPR
_erda
041 0 _hspa
082 0 4 _a(i) 372.21 O77t
100 1 _aOrtiz, Paula
_eautora
245 1 0 _aTan tan
_b: abecedario de sonidos
_c/ Paula Ortiz
250 _aEdición especial
264 1 _aBogotá, Colombia
_b: Cataplum Libros
_c, 2024
300 _a28 páginas
_b: ilustraciones a color
_c; 18 centímetros
336 _atexto
_btxt
_crdacontenido
337 _asin mediación
_bn
_2rdamedio
338 _avolumen
_bnc
_2rdasoporte
490 _aPlan Nacional de Lectura, Escritura y Oralidad / Ministerio de las Culturas, Las Artes y los Saberes
521 _aRecomendado para 0 a 7 años.
650 1 4 _2LEMB
_aAlfabeto en la literatura
650 1 4 _2LEMB
_aÁlbumes ilustrados colombianos
650 1 4 _2LEMB
_aLiteratura infantil colombiana
650 1 4 _2LEMB
_aNiños
_xLibros y lectura
942 _2ddc
_cBKINF
999 _c17762
_d17762